000 01206nam a2200289Ia 4500
001 ebr10344578
003 CaPaEBR
006 m u
007 cr cn|||||||||
008 791203s2009 cm sb 000 0 eng d
020 _z9789956558599
020 _z9789956615384
040 _aCaPaEBR
_cCaPaEBR
035 _a(OCoLC)646849390
050 1 4 _aLA1501
_b.F64 2009eb
100 1 _aFonlon, Bernard Nsokika,
_d1924-1986.
245 1 0 _aGenuine intellectuals
_h[electronic resource] :
_bacademic and social responsibilities of universities in Africa /
_cBernard Nsokika Fonlon.
260 _aMankon, Bamenda, Cameroon :
_bLangaa RPCIG,
_c2009.
300 _axxv, 143 p.
504 _aIncludes bibliographical references.
533 _aElectronic reproduction.
_bPalo Alto, Calif. :
_cebrary,
_d2010.
_nAvailable via World Wide Web.
_nAccess may be limited to ebrary affiliated libraries.
650 0 _aUniversities and colleges
_xSociological aspects
_zAfrica.
650 0 _aEducation, Higher.
655 7 _aElectronic books.
_2local
710 2 _aebrary, Inc.
856 4 0 _uhttp://site.ebrary.com/lib/rucke/Doc?id=10344578
_zAn electronic book accessible through the World Wide Web; click to view
999 _c48717
_d48717